| 000 | 01180 a2200169 4500 | ||
|---|---|---|---|
| 003 | Nust | ||
| 005 | 20221216083347.0 | ||
| 040 | _cNust | ||
| 082 | _a621.38,THE | ||
| 100 |
_aB.L. Theraja _913416 |
||
| 245 |
_aABC of Electrical Engineering / _cB.L. Theraja & A.K. Theraja |
||
| 260 |
_aNew Delhi _bS. Chand & Company LTD. _c2012 |
||
| 300 | _aviii,435p. | ||
| 505 | _aElectronic Current and Resistance (Page-1), DC Network Theorems (Page-21), Electrostatics and Capacitors (Page-66), Magnetism and Magnetic Circuit (Page-84), AC Fundamentals (Page-125), Complex Algebra (Page-158), AC Series Circuits (Page-173), Parallel AC Circuits (Page-206), Poly phase Systems (Page-228), Electrical Instruments and Measurements (Page-268), DC Generator (Page-283), DC Motor (Page-311), Single –Phase Transformers (Page-335), Three-Phase Induction Motor (Page-364), Single-Phase Induction Motor (Page-385), Synchronous Generator (Page-393), Synchronous Motor (Page-403), Electric Power Generator (Page-412), Transmission and Distribution of Electric Power (Page-421), Economics of Power Generation and Tariffs (Page-426). | ||
| 650 | _aTelecommunication Engineering | ||
| 942 |
_2ddc _cBK |
||
| 999 |
_c189447 _d189447 |
||